| 000 | 00935cam a2200265 4500 | ||
|---|---|---|---|
| 001 | J2331 | ||
| 008 | 090401t1994 xxu||||| |||| 00| 0 eng d | ||
| 035 | _a(Sirsi) u48432 | ||
| 041 | _aeng | ||
| 050 | _a692.8 | ||
| 090 | _aJCT 1994/8A | ||
| 110 |
_aJoint Contracts Tribunal _93664 |
||
| 245 | _aIntermediate Form of Building Contract for works of simple content 1984 edition ... Amendment 7 and guidance notes issued April 1994. | ||
| 260 |
_aLondon _bRIBA Publications Ltd. _c1994 |
||
| 300 | _a16p. ; 30cm. | ||
| 350 | _a0.8 | ||
| 520 | _aConcerns terrorism, insurance against injury to persons or property and determination. | ||
| 650 | _aAMENDMENT 7 | ||
| 650 | _aBUILT ENVIRONMENT-BUILDING CONTRACT FORMS | ||
| 650 | _aJCT INTERMEDIATE FORM OF BUILDING CONTRACT (1984 EDITION) | ||
| 650 | _aPUBLIC LIABILITY INSURANCE | ||
| 690 | _aBUILT ENVIRONMENT-BUILDING CONTRACT FORMS | ||
| 942 | _n0 | ||
| 948 | _c04/03/1997 | ||
| 999 |
_c92337 _d92337 |
||